000 00346pab a2200157 454500
008 180718b2009 xxu||||| |||| 00| 0 eng d
100 _aMurthy, R.V.R.
245 _aPenal system in Andaman
260 _c2009
300 _ap.167-83.
362 _aJan-Mar
650 _aPenal sanctions
773 _aDialogue
908 _aN
909 _a82156
999 _c82156
_d82156